Items Sold in Villages from The Legend of Zelda: Breath of the Wild - Statistics

General Stats
  • This quiz has been taken 26 times
  • The average score is 14 of 40
Answer Stats
Hint Answer % Correct
All Stores except Goron City Arrow
100%
Hateno Village, Rito Village, Gerudo Town, Kara Kara Bazaar, and Tarry Town Bomb Arrow
92%
Kakariko Village, Goron City, Gerudo Town, Kara Kara Bazaar, and Tarrey Town Fire Arrow
83%
Zoras Domain, Goron City, Gerudo Town, Kara Kara Bazaar, and Tarrey Town Ice Arrow
83%
Goron City Goron Spice
58%
Gerudo Town, Kara Kara Bazaar, Korok Forest, and Tarrey Town Shock Arrow
58%
Korok Forest Apple
50%
Kakariko Village Fortified Pumpkin
50%
Hateno Village Fresh Milk
50%
Tarrey Town Ruby
50%
Tarrey Town Sapphire
50%
Rito Village and Gerudo Town Tabantha Wheat
50%
Tarrey Town Topaz
50%
Kakariko Village and Rito Village Goat Butter
42%
Hateno Village, Zoras Domain, Gerudo Town, and Korok Forest Hylian Rice
42%
Zoras Domain, Goron City, and Gerudo Town Rock Salt
42%
Hateno Village and Kakariko Village Bird Egg
33%
Goron City, Rito Village, and Korok Forest Cane Sugar
33%
Tarrey Town Diamond
33%
Gerudo Town and Kara Kara Bazaar Hydromelon
33%
Zoras Domain Sizzlefin Trout
33%
Tarrey Town Ancient Gear
25%
Kakariko Village Bokoblin Gut
25%
Zoras Domain Chillfin Trout
25%
Hateno Village and Korok Forest Hearty Truffle
25%
Gerudo Town and Korok Forest Ironshroom
25%
Kakariko Village Swift Carrot
25%
Zoras Domain Swift Violet
25%
Gerudo Town and Korok Forest Razorshroom
17%
Korok Forest Rushroom
17%
Rito Village and Gerudo Town Sunshroom
17%
Gerudo Town Chillshroom
8%
Hateno Village Endura Shroom
8%
Gerudo Town Hearty Durian
8%
Korok Forest Hearty Radish
8%
Kara Kara Bazaar Mighty Bananas
8%
Kara Kara Bazaar Palm Fruit
8%
Gerudo Town Zapshroom
8%
Korok Forset Stamlla Shroom
0%
Gerudo Town Volfruit
0%
No matching quizzes found
Score Distribution
Percent of People with Each Score
Percentile by Number Answered
Your Score History
You have not taken this quiz